000 01429cam a22002174a 4500
005 20250605164237.0
008 250528s ||||||||||||||||||||||||d
035 _a21205
020 _a9780761941668
040 _aGR-AtMCL
_bgre
_dGR-AtMCL
_eAACR2
245 1 _aThe Practitioner's Handbook / A Guide for Counsellors, Psychotherapists and Counselling Psychologists
250 _a1st
260 _bSage Publications,
_c2008
300 _a238
520 _aAn essential guide to professional development in counselling, psychotherapy and counselling psychology. Foreword, Preface, Acknowledgements, Introduction, How to Develop Your Career and Organize Your Continuing Professional Development, How to Give a Lecture and Run Training Workshops, Understanding Psychiatric and Medical Assessments, How to Prepare a Report on a Client, How to Communicate Effectively with Colleagues, Framework of Supervision for Practitioners and Trainees, How to Manage a Counselling Service, How to Reduce the Risk of Complaints and Litigation, How to Set Up and Develop Your Private Practice, Developing Your Career to Working with Multicultural and Diversity Clients, How to Develop Your Research Interests, How to Write for Publication, Stress and Burnout, Suggested Further Reading, Useful Organizations, Index.
700 1 _aBor Robert
_96020
700 1 _aPalmer Stephen
_95450
942 _cBK
999 _c6272
_d6272